| 000 -LEADER |
| fixed length control field |
00473nam a22001577a 4500 |
| 008 - FIXED-LENGTH DATA ELEMENTS--GENERAL INFORMATION |
| fixed length control field |
210113b ||||| |||| 00| 0 eng d |
| 020 ## - INTERNATIONAL STANDARD BOOK NUMBER |
| International Standard Book Number |
0881321958 |
| 082 00 - DEWEY DECIMAL CLASSIFICATION NUMBER |
| Classification number |
338.9 |
| Item number |
W7291 |
| 245 10 - TITLE STATEMENT |
| Title |
The political economy of policy reform / |
| 250 ## - EDITION STATEMENT |
| Edition statement |
1st ed. |
| 260 ## - PUBLICATION, DISTRIBUTION, ETC. (IMPRINT) |
| Place of publication, distribution, etc |
Wshington: |
| Name of publisher, distributor, etc |
Institute for international economics, |
| Date of publication, distribution, etc |
1944. |
| 300 ## - PHYSICAL DESCRIPTION |
| Extent |
x, 601 p. |
| 650 #0 - SUBJECT ADDED ENTRY--TOPICAL TERM |
| Topical term or geographic name as entry element |
Economic Policy |
| 700 ## - ADDED ENTRY--PERSONAL NAME |
| 9 (RLIN) |
4149 |
| Personal name |
Williamson, John |
| Relator term |
editor |
| 942 ## - ADDED ENTRY ELEMENTS (KOHA) |
| Item type |
Books |